[Event "Saint Affrique op 22nd"]
[Site "Saint Affrique"]
[Date "2014.07.21"]
[Round "3"]
[White "Daurelle, Herve"]
[Black "Lazov, Stefan"]
[Result "1-0"]
[WhiteElo "2189"]
[BlackElo "1894"]
[PlyCount "55"]
[EventDate "2014.07.19"]
[EventType "swiss"]
[EventRounds "9"]
[EventCountry "FRA"]
[SourceTitle "CBM 161 Extra"]
[Source "ChessBase"]
[SourceDate "2014.08.29"]
[SourceVersion "1"]
[SourceVersionDate "2014.08.29"]
[SourceQuality "1"]

1. e4 c5 2. Nf3 d6 3. d4 cxd4 4. Nxd4 Nf6 5. Nc3 a6 6. Bg5 e6 7. f4 Be7 8. Qf3 Qc7 9. 0-0-0 Nbd7 10. g4 b5 11. Bxf6 Nxf6 12. g5 Nd7 13. f5 Nc5 14. f6 gxf6 15. gxf6 Bf8 16. Rg1 h5 17. a3 Rb8 18. e5 d5 19. b4 Na4 20. Ncxb5 axb5 21. Bxb5+ Bd7 22. Nxe6 Bh6+ 23. Kb1 Qb7 24. Rxd5 Nb6 25. Bxd7+ Nxd7 26. Rgd1 Qc6 27. Rxd7 Qxe6 28. Re7+ 1-0

[Event "Blagoevgrad op"]
[Site "Blagoevgrad"]
[Date "2013.10.01"]
[Round "6"]
[White "Chepandov, Georgi"]
[Black "Lazov, Stefan"]
[Result "0-1"]
[WhiteElo "2010"]
[BlackElo "1828"]
[PlyCount "120"]
[EventDate "2013.09.28"]
[EventType "swiss"]
[EventRounds "9"]
[EventCountry "BUL"]
[SourceTitle "CBM 156 Extra"]
[Source "ChessBase"]
[SourceDate "2013.10.22"]
[SourceVersion "1"]
[SourceVersionDate "2013.10.22"]
[SourceQuality "1"]

1. e4 b6 2. d4 Bb7 3. Nc3 g6 4. Be3 Bg7 5. Qd2 e6 6. 0-0-0 d6 7. f3 Nd7 8. a3 h5 9. Kb1 Ne7 10. Bc4 a6 11. Nge2 b5 12. Bb3 c6 13. Rhe1 d5 14. exd5 cxd5 15. Nc1 0-0 16. Bh6 Nc6 17. Bxg7 Kxg7 18. g4 h4 19. g5 Ne7 20. Nd3 Nf5 21. Nf4 Qb6 22. Ng2 a5 23. Qf4 a4 24. Ba2 b4 25. axb4 Qxb4 26. Qd2 Rfb8 27. Ne2 Qd6 28. f4 Ba6 29. Ne3 Nxe3 30. Qxe3 Rb6 31. Ka1 Rab8 32. Rb1 Rxb2 33. Rxb2 Rxb2 34. Qc3 Qb4 35. Qxb4 Rxb4 36. c3 Rb7 37. Ng1 a3 38. Rb1 Rxb1+ 39. Kxb1 Bd3+ 40. Kc1 Be4 41. Bb1 Bxb1 42. Kxb1 Nb6 43. Ka2 Na4 44. Ne2 Nb2 45. Kxa3 Nd1 46. Kb3 Ne3 47. Kb2 Ng4 48. Kc2 Nxh2 49. Kd2 Ng4 50. Ke1 h3 51. Ng3 Kf8 52. Ke2 Ke7 53. Kf3 Nh2+ 54. Kf2 Ng4+ 55. Kf3 f5 56. Ne2 Kd6 57. Ng3 Kc6 58. Ke2 Kb5 59. Kd3 Nf2+ 60. Kc2 h2 0-1

[Event "Campobasso op 20th"]
[Site "Campobasso"]
[Date "2013.08.04"]
[Round "5"]
[White "Cocchia, Umberto"]
[Black "Lazov, Stefan"]
[Result "1-0"]
[WhiteElo "1883"]
[BlackElo "1798"]
[PlyCount "60"]
[EventDate "2013.08.02"]
[EventType "swiss"]
[EventRounds "6"]
[EventCountry "ITA"]
[SourceTitle "EXT 2015"]
[Source "ChessBase"]
[SourceDate "2014.11.20"]
[SourceVersion "1"]
[SourceVersionDate "2014.11.20"]
[SourceQuality "1"]

1. e4 d6 2. d4 Nf6 3. Nc3 g6 4. Be3 Bg7 5. Qd2 c6 6. 0-0-0 b5 7. e5 b4 8. exf6 bxc3 9. Qxc3 Bxf6 10. Nf3 0-0 11. h4 h5 12. Bh6 Re8 13. Qd2 Qb6 14. c3 Qa5 15. Bc4 Bg4 16. Bg5 Bxf3 17. Bxf6 d5 18. Rde1 Be4 19. Rxe4 dxe4 20. Qh6 exf6 21. Qxg6+ Kh8 22. Qxf6+ Kh7 23. Qxf7+ Kh6 24. Qxe8 Qf5 25. Qe6+ Qxe6 26. Bxe6 Na6 27. Re1 Rf8 28. Rxe4 Rxf2 29. Bh3 Nc7 30. c4 Na6 1-0